000 00685nam a2200229 i 4500
001 66791
003 ES-MaACL
005 20230906165834.0
007 t|
008 030709s2003 sp ab |||| | spa d
020 _a84-8432-454-0
080 _a726.85.032(32)
100 1 _aEdwards, I. E. S.
_946671
245 1 4 _aLas pirámides de Egipto /
_cI.E.S. Edwards ; [traducción castellana de Lara Viláa].
260 _aBarcelona :
_bCrítica,
_c[2003]
300 _a317 p. :
_bil., mapas ;
_c24 cm.
500 _aÍndice.
504 _aBibliografía: p. 293-307.
650 1 4 _aPirámides-
_zEgipto.
_916097
700 1 _aViláa Tomás, Lara.
_9133774
852 _aES-MaACL
_jL-27295
999 _c66791
_d66791